| 000 | 00770nam a2200217Ia 4500 | ||
|---|---|---|---|
| 005 | 20241216010332.0 | ||
| 008 | 180423s9999||||xx |||||||||||||| ||und|| | ||
| 082 |
_a920 _bC43 |
||
| 100 | _aCENTRO CULTURAL DE ESPAÑA EN LIMA | ||
| 245 | 0 | _aTIEMPO Y OBRA DE CESAR BOLAÑOS | |
| 250 | _a2009 | ||
| 260 |
_aLIMA-PERU _bCCEL _c2009 |
||
| 300 |
_a229 pag. _c23 cm |
||
| 341 | _h0 | ||
| 490 |
_v0 _a0 |
||
| 505 | _aINTRODUCCION,BREVE BIOGRAFIA E ITINERARIO MUSICAL DE CESAR BOLOÑOS,LUCES Y SOMBRAS EL CLAEM DEL INSTITUTO DI TELLA Y LOS LENGUAJES MUSICALES DE LOS AÑOS SESENTA,INTENSIDAD Y ALTURA,LENGUAJE MUSICAL DE CESAR BOLAÑOS. | ||
| 541 |
_aD _bCENTRO CULTURAL _d19-Oct-16 |
||
| 650 | _aHISTORIA, GEOGRAFIA, BIOGRAFIAS | ||
| 856 | _zHumanidades | ||
| 942 | _cLIBRO | ||
| 999 |
_c11715 _d11715 |
||